Loading...
| Science - Biology | 0 | 6 | 0 | 0 | 60 | 31 | 46.17 | 3 | 4 | 32.62 | 47.78 |
| Fine Arts - Classical Music | 0 | 4 | 1 | 0 | 35 | 40 | 72.25 | 1 | 2 | 14.04 | 24.44 |
| Science - Physics | 0 | 3 | 1 | 1 | 25 | 86 | 93.67 | 0 | 0 | 3.28 | 7.78 |
| Social Science | 0 | 2 | 0 | 0 | 20 | 64 | 74.00 | 0 | 1 | 7.62 | 14.29 |
| Science - Chemistry | 0 | 4 | 4 | 0 | 20 | 47 | 68.50 | 0 | 1 | 12.21 | 20.00 |
| Science - Other | 0 | 1 | 0 | 1 | 10 | 103 | 103.00 | 0 | 0 | 0.00 | 1.11 |
| History - Other | 0 | 1 | 0 | 1 | 10 | 114 | 114.00 | 0 | 0 | 0.17 | 4.44 |
| Mythology | 0 | 1 | 0 | 1 | 10 | 113 | 113.00 | 0 | 0 | 0.09 | 2.22 |
| Literature - American | 0 | 0 | 0 | 0 | 0 | 0.00 | 0 | 0 | 0.00 | 0.00 | |
| Religion | 0 | 0 | 1 | 0 | -5 | 0.00 | 0 | 0 | 0.00 | 0.00 | |
| Fine Arts - Other | 0 | 0 | 1 | 0 | -5 | 0.00 | 0 | 0 | 0.00 | 0.00 |